| 000 | 01326nam a22001817a 4500 | ||
|---|---|---|---|
| 005 | 20260314122704.0 | ||
| 008 | 260314b |||||||| |||| 00| 0 eng d | ||
| 020 |
_a9780199282081 _qhbk |
||
| 041 | _aeng | ||
| 082 |
_a188 _bFIT |
||
| 100 | _a Fitch John G. | ||
| 245 |
_aSeneca (Oxford Readings in Classical Studies) _c/John G. Fitch |
||
| 260 |
_bOxford Univ Pr on Demand _c2008. |
||
| 300 |
_a438p,; _c20 cm. |
||
| 504 | _aindex | ||
| 520 | _aSeneca was a man of many facets: statesman, dramatist, philosopher, prose stylist. His life was marked by extremes of fortune - extremes that are reflected in much of his writing, and in the vicissitudes of his reputation in later centuries. This volume brings together some outstanding essays written about him over the past four decades, and illustrates the diversity of approaches by which modern critics have attempted to understand this multifaceted figure. Just as Seneca's writings often reflect his times, so current critical approaches often reflect issues in contemporary thought and society. Several of the essays have been revised by their authors for this volume, and two of them are translated for the first time. A new introduction places the articles within the context of recent academic thought and criticism. All Latin has been translated. | ||
| 942 | _cREF | ||
| 999 |
_c617727 _d617727 |
||